000 01496nab a22002537a 4500
999 _c5992
_d5992
003 OSt
005 20260115185039.0
008 190605e xxu||||| |||| 00| 0 spa d
040 _cPJ
100 _94882
_aSevero, Matias
245 1 3 _aLa presunción de laboralidad del art. 23 de la Ley de Contrato de Trabajo. Antes y después de la reforma introducida por la ley 27.742 (Ley de Bases) /
_cMatías Severo.
260 _aCiudad Autónoma de Buenos Aires :
_bThomson Reuters La Ley,
_c2025.
300 _ap. 5-11
500 _aCita Online: Cita: TR LALEY AR/DOC/350/2025.
505 _aSumario: I. La presunción de laboralidad del art. 23 de la Ley de Contrato de Trabajo.— II. La modificación introducida por la ley 27.742 (Ley de Bases).— III. Relación de dependencia: el trabajo dependiente como categoría delimitadora del derecho del trabajo.— IV. Importancia del Principio de Primacía de la Realidad.— V. Deslaboralizados y excluidos.— VI. Conclusiones sobre la reforma al art. 23.
505 _t¿Te interesa el texto completo? Solicitalo al correo: koha@justierradelfuego.gov.ar
650 0 _91316
_aDERECHO LABORAL
650 0 _91323
_aCONTRATO DE TRABAJO
650 0 _91803
_aRELACIONES LABORALES
650 0 _91383
_aLEY DE CONTRATO DE TRABAJO
650 0 _94951
_aRESPONSABILIDAD SOLIDARIA
773 0 _02711
_93168
_dCiudad Autónoma de Buenos Aires : Thomson Reuters La Ley, 1999-2002.
_tRevista de derecho del trabajo. Nº 2 - Marzo 2025
942 _2udc
_cANA